Human rights and the United Nations (Record no. 14959)
[ view plain ]
| 000 -LEADER | |
|---|---|
| fixed length control field | 00550nam a2200145Ia 4500 |
| 082 ## - DEWEY DECIMAL CLASSIFICATION NUMBER | |
| Classification number | RR 323.03 HUM- |
| 245 #0 - TITLE STATEMENT | |
| Title | Human rights and the United Nations |
| 260 ## - PUBLICATION, DISTRIBUTION, ETC. (IMPRINT) | |
| Place of publication | New Delhi |
| Name of publisher | Discovery Publishing |
| Year of publication | 2001 |
| 440 ## - SERIES STATEMENT/ADDED ENTRY--TITLE | |
| Title | International encyclopaedia of human rights; 3 |
| 500 ## - GENERAL NOTE | |
| General note | contents: 2 vols (vol 1Introduction by Boutros - Boutros ghail, secretary - general of the United Nationsv, 399), (v 2 Chronology and documents v, 790) |
| 504 ## - BIBLIOGRAPHY, ETC. NOTE | |
| Bibliography, etc | includes index |
| 650 ## - SUBJECT ADDED ENTRY--TOPICAL TERM | |
| Topical Term | Human rights |
| 700 ## - ADDED ENTRY--PERSONAL NAME | |
| Personal name | Bhaskara Rao, Digumarti |
| 942 ## - ADDED ENTRY ELEMENTS (KOHA) | |
| Koha item type | Books |
| Source of classification or shelving scheme | Dewey Decimal Classification |
| Withdrawn status | Lost status | Damaged status | Not for loan | Collection code | Home library | Current library | Date acquired | Bill Date | Full call number | Accession Number | Price effective from | Koha item type |
|---|---|---|---|---|---|---|---|---|---|---|---|---|
| Docas Books | NASSDOC Library | NASSDOC Library | 05/09/2016 | 2004-10-22 | RR 323.03 HUM- | D001405 | 18/04/2019 | Books | ||||
| Docas Books | NASSDOC Library | NASSDOC Library | 05/09/2016 | 2004-10-22 | RR 323.03 HUM- | D001406 | 18/04/2019 | Books |
